| 000 | 00000nam##2200000za#4500 |
| 001 | 9.566384 |
| 003 | CaOODSP |
| 005 | 20210624180250 |
| 007 | cr ||||||||||| |
| 008 | 150406|2004||||xxc|||||o f|0| 0 eng|d |
| 040 | |aCaOODSP|beng |
| 043 | |an-cn--- |
| 086 | 1 |aTU3-5/04-39E-PDF |
| 110 | 2 |aTransportation Safety Board of Canada. |
| 245 | 10|aFlight control difficulties - Jazz Air Inc. de Havilland DHC-8-102 C-FGRP, Kingston, Ontario, 02 September 2004 |h[electronic resource] |
| 260 | |aGatineau - Quebec : |bTransportation Safety Board of Canada |c[2005]. |
| 300 | |a9p.|billus., photographs |
| 490 | 1 |aAviation investigation report |vA04O0237 |
| 590 | |a10-05-Supp|b2010-07-20 |
| 690 | 07|aAircraft accidents|2gcpds |
| 775 | 08|tProblèmes de maîtrise du de Havilland DHC-8-102 C-FGRP exploité par Jazz Air Inc. à Kingston (Ontario), le 2 septembre 2004 |w(CaOODSP)9.597891 |
| 830 | #0|aAviation investigation report ;|vA04O0237|w(CaOODSP)9.504825 |
| 856 | 40|ahttp://publications.gc.ca|qPDF|s196 KB|uhttps://publications.gc.ca/collections/collection_2009/bst-tsb/TU3-5-04-39E.pdf|yA04O0237 |